000 00785nam a22002177a 4500
003 UA-OsUOA
001 110068
007 ta
008 20150217b un ||||| |||| 00| 0 ukr d
100 _aВовканич С.Й.
090 _a330(477)
_bВ61
942 _cSA
040 _aUA-OsUOA
_bukr
_cUA-OsUOA
_dUA-OsUOA
245 _aІдеологічні засади державотворення в системі стратегізації регіональної політики, національної економіки та безпеки України
300 _aС.7-24
955 _a0
041 _aukr
080 _a330(477)
773 0 _w110067
_tРегіональна економіка
_dЛьвів
_d2014
_g4
650 7 _a330 Економіка взагалі
_2UDC
999 _c396076
_d396076